La asociación Internacional de Sociología y el desarrollo en el mundo de la sociología
Guardado en:
| Hovedforfatter: | |
|---|---|
| Format: | Texto |
| Udgivet: |
San José :
|
| Tags: |
Tilføj Tag
Ingen Tags, Vær først til at tagge denne postø!
|
MARC
| LEADER | 00000 a a2200000 04500 | ||
|---|---|---|---|
| 001 | 17709 | ||
| 003 | |||
| 040 | |||
| 090 | |a 000600 | ||
| 100 | |a Hill, Reuben | ||
| 245 | |a La asociación Internacional de Sociología y el desarrollo en el mundo de la sociología | ||
| 260 | |a San José : | ||
| 300 | |a 8 p | ||
| 999 | |c 12364 |d 12364 | ||
